| 000 | 01631nam a2200313Ia 4500 | ||
|---|---|---|---|
| 001 | C0589 | ||
| 003 | IT-RoPAU | ||
| 008 | 130308s9999 xx 000 0 und d | ||
| 040 | _aIT-RoPAU | ||
| 040 | _cIT-RoPAU | ||
| 041 | _aITALIANO | ||
| 100 | _aAA.VV. | ||
| 100 | _gCodice Aut. SPICS: 12000 | ||
| 245 | _aLinguaggio nella filosofia tra Seicento e Settecento (Il) | ||
| 245 | _bFilosofi e Il Linguaggio (I)-Antologia | ||
| 250 | _a1a ed. | ||
| 260 | _aBOLOGNA | ||
| 260 | _bEsculapio | ||
| 260 | _c1993 [1° Ed.:1993 - Ed.Ling.Originale:1993] | ||
| 300 | _a"133 p. (prefazione: no ; testo: 133 [pagine: 113-245])" | ||
| 500 | _aRazionalisti ed Empiristi nel XVII Secolo: Idee, Linguaggio e Realtà. Età Classica e Il Linguaggio della Ragione: Descartes, Port Royal, Leibniz. Empirismo Inglese: Linguaggio e Critica della Metafisica, Hobbes, Nominalismo Linguistico e istituzione della Verità, Locke e Il Linguaggio Come Strumento di Analisi del pensiero , Berkeley, Filosofia del Segno e Critica del Linguaggio, Hume. tre Saggi Dull'Intelletto Umano: pensiero , Linguaggio e Conoscenza, Condillac, Genesi delle Idee e del Segno. Filosfia e Filologia. Vico: Storia Universale, Linguaggio e Cultura. Illuminismo Francese: pensiero , Linguaggio, Natura e Società, Maupertuis, Determinismo Linguistico e Molteplicità delle Lingue, Diderot, Estetica e Linguistica, Rousseau, Stato di Natura e Stato Sociale, Enciclopedia. | ||
| 650 | _aLINGUISTICA | ||
| 650 | _eCodice materia Spics: 3201 | ||
| 700 | _aGallotti Cecilia | ||
| 700 | _gCodice Aut. SPICS: 40088 | ||
| 942 | _cBK | ||
| 957 | _71 | ||
| 999 |
_c77785 _d77785 |
||
| 999 | _g1 | ||